000 00469nam a2200169 i 4500
001 22181
003 ES-MaACL
005 20230906152638.0
007 t|
008 030129n19001999sp ||||1| spa d
245 0 3 _aUn ladrón de alto copete.
260 _a[Madrid :
_bs.n.,
_c19--]
300 _a80 p. :
_bil. ;
_c26 cm.
500 _aEjemplar sin portada.
500 _aPublicación de "Nuevo mundo"
852 _aES-MaACL
_jC-2769
_q. - Encuadernado con otras obras
999 _c22181
_d22181